Rights and wrongs under the ECHR: the prohibition of abuse of rights in article 17 of the European Convention on Human Rights
Wedi'i Gadw mewn:
| Prif Awdur: | |
|---|---|
| Fformat: | Llyfr |
| Iaith: | Saesneg |
| Cyhoeddwyd: |
Cambridge
Intersentia Ltd
2016
|
| Rhifyn: | 1a. ed |
| Cyfres: | School of Human Rights Research Series, 78
|
| Pynciau: | |
| Tagiau: |
Ychwanegu Tag
Dim Tagiau, Byddwch y cyntaf i dagio'r cofnod hwn!
|
MARC
| LEADER | 00000cam a2200000 a 4500 | ||
|---|---|---|---|
| 001 | UCC9544 | ||
| 003 | CL-VaPUC | ||
| 008 | 191004e20160000uk |||||||||||||||||eng|d | ||
| 020 | |a 9781780684185 | ||
| 082 | 0 | 4 | |a 341.481 |b MOR |2 21 |
| 100 | 0 | |a Morree, Paulien de |e author |9 604686 | |
| 245 | 1 | 0 | |a Rights and wrongs under the ECHR: the prohibition of abuse of rights in article 17 of the European Convention on Human Rights |
| 250 | |a 1a. ed | ||
| 300 | |a 303 p | ||
| 942 | |c BK | ||
| 945 | |d 20191004 13:59:00 |a dcastane | ||
| 260 | |a Cambridge |b Intersentia Ltd |c 2016 | ||
| 650 | 0 | |a Derecho internacional |9 255637 | |
| 650 | 0 | |a Derechos humanos |9 223025 | |
| 650 | 7 | |a PROTECCION DE LOS DERECHOS HUMANOS |2 CL-VaPUC |9 452271 | |
| 583 | |a last modification |c 20191004 13:59:00 |k Rodrigo Vera | ||
| 490 | 0 | |a School of Human Rights Research Series, 78 | |
| 999 | |c 375724 |d 375722 | ||
| 952 | |0 0 |1 0 |3 erb |4 0 |6 341_481000000000000_MOR_2016 |7 0 |8 WP_COW |9 561526 |a BIBDER |b BIBDER |e Fundación W and P Cowley |i 5605385 |o 341.481 MOR 2016 |p 5605385 |r 2023-01-25 |w 2020-03-12 |y BK |z Catalogado en:20191004 |k WPC | ||